|
|
|
|
| LEADER |
01165naa a2200217 i 4500 |
| 001 |
acta66645 |
| 005 |
20221221112859.0 |
| 008 |
200429s2019 hu o 1|| hun d |
| 020 |
|
|
|a 978-963-306-710-9
|
| 040 |
|
|
|a SZTE Egyetemi Kiadványok Repozitórium
|b hun
|
| 041 |
|
|
|a hun
|
| 100 |
1 |
|
|a Saád József
|
| 245 |
1 |
0 |
|a "Jöjjenek hát el!" - plakátok és kampánystílus-változatok 1989-1990-ben
|h [elektronikus dokumentum] /
|c Saád József
|
| 260 |
|
|
|a Szegedi Tudományegyetem Állam- és Jogtudományi Kar Politológiai Tanszék
|b Szeged
|c 2019
|
| 300 |
|
|
|a 295
|
| 490 |
0 |
|
|a 1989 és a rendszerváltás: a társadalmi cselekvés lehetőségei : absztraktkötet
|
| 650 |
|
4 |
|a Bölcsészettudományok
|
| 650 |
|
4 |
|a Történettudomány és régészet
|
| 695 |
|
|
|a Politikai propaganda - Magyarország - 1989-1990 - előadáskivonat, Plakátművészet - Magyarország - 1989-1990 - előadáskivonat
|
| 711 |
|
|
|a 1989 és a rendszerváltás:a társadalmi cselekvés lehetőségei : Interdiszciplináris jelenkor-történeti és politológiai konferencia
|c Szeged
|d 2019
|
| 856 |
4 |
0 |
|u http://acta.bibl.u-szeged.hu/66645/1/1989_es_a_rendszervaltas_295.pdf
|z Dokumentum-elérés
|